000 01142nac a22003377a 4500
001 BR8600684
003 BR-BrBNA
005 20240105120358.0
008 230509b bl.|||m| |||| 00| 0 por d
040 _aBR-BrBNA
_bpor
_cBiblioteca Nacional de Agricultura
072 _aF04; P35
090 _a1587 BR8600684
100 1 _aAlmeida, A.M. de
100 1 _aMatias, E.C.
110 1 _aEmpresa Estadual de Pesquisa Agropecuaria da Paraiba S.A., Joao Pessoa (Brasil)
245 1 _aEnsaio exploratorio de fertilidade de solo na cultura do cara-da-costa
246 1 _a[Soil fertility trial in yam. "Cara-da-costa" cultivar]
260 3 _aJoao Pessoa, PB (Brasil):
_c1985.
300 _a3 p.
490 _aPesquisa em Andamento - Empresa Estadual de Pesquisa Agropecuaria da Paraiba S.A. (Brazil)
_vno. 35
_xISSN 0101-9406
650 _aINHAME
650 _aSOLO
650 _aFERTILIZANTE FOSFATADO
650 _aFERTILIZANTE POTASSICO
650 _aFERTILIZANTE NITROGENADO
650 _aADUBACAO
650 _aRENDIMENTO
650 _aPARAIBA
909 _a202312
_bLúcia Elande
_c55
_dLúcia Elande
942 _2AGRIS
_n0
_cMS
999 _c279155
_d279155